[Event "Mondiale Lampo FIDE 2022"]
[Site "Alma Ata"]
[Date "29.12.2022"]
[Round "5.63"]
[White "Donchenko, Alexander"]
[Black "Arjun, Kalyan"]
[Result "1-0"]
[WhiteTitle ""]
[BlackTitle ""]
[WhiteElo "2636"]
[BlackElo "2505"]
[WhiteFideId "24603295"]
[BlackFideId "35018701"]
[EventDate "29.12.2022"]

1. Nf3 d5 2. e3 Nf6 3. c4 e6 4. Nc3 Nbd7 5. b3 b6 6. Bb2 Bb7 7. Be2 Bd6 8. Qc2
a6 9. O-O O-O 10. Rac1 Qe7 11. Rfd1 Rfe8 12. d4 Rac8 13. h3 h6 14. Qb1 dxc4 15.
bxc4 c5 16. d5 exd5 17. Nxd5 Nxd5 18. cxd5 b5 19. a4 c4 20. axb5 axb5 21. Nd4
Qe5 22. g3 c3 23. Rxc3 Rxc3 24. Bxc3 Bxd5 25. Nxb5 Qe6 26. Bg4 Qe4 27. Qxe4 1-0

[Event "Mondiale Lampo FIDE 2022"]
[Site "Alma Ata"]
[Date "29.12.2022"]
[Round "5.64"]
[White "Yilmaz, Mustafa"]
[Black "Petkov, Momchil"]
[Result "1-0"]
[WhiteTitle ""]
[BlackTitle ""]
[WhiteElo "2617"]
[BlackElo "2531"]
[WhiteFideId "6302718"]
[BlackFideId "2921642"]
[EventDate "29.12.2022"]

1. Nf3 d5 2. d4 Nf6 3. c4 e6 4. Nc3 c6 5. e3 Nbd7 6. Qc2 Bd6 7. Bd3 dxc4 8. Bxc4
b5 9. Be2 O-O 10. O-O Re8 11. a3 Bb7 12. Ng5 a5 13. Bd2 h6 14. Nge4 Bf8 15. Rfd1
Qb8 16. Rab1 b4 17. Nxf6+ Nxf6 18. Na4 Ba6 19. Bf3 Bb5 20. Nc5 e5 21. a4 e4 22.
Nxe4 Nxe4 23. axb5 b3 24. Qxc6 Nxd2 25. Rxd2 Ra7 26. Qc4 a4 27. Ra1 a3 28. bxa3
Bxa3 29. Qxb3 Bd6 30. Rxa7 Qxa7 31. b6 Qa5 32. Rd1 Rb8 33. b7 Qc7 34. h3 Qe7 35.
Rc1 g6 36. Rc8+ Kg7 37. Qb6 Qd7 38. Qc6 Qe7 39. Bd5 h5 40. g3 h4 41. g4 Qf6 42.
Rxb8 Bxb8 43. Qxf6+ Kxf6 44. f4 Ke7 45. Kf2 f6 46. Kf3 g5 47. fxg5 fxg5 48. Ke2 1-0

[Event "Mondiale Lampo FIDE 2022"]
[Site "Alma Ata"]
[Date "29.12.2022"]
[Round "5.65"]
[White "Yakubboev, Nodirbek"]
[Black "Vetokhin, Savva"]
[Result "1-0"]
[WhiteTitle ""]
[BlackTitle ""]
[WhiteElo "2647"]
[BlackElo "2354"]
[WhiteFideId "14203987"]
[BlackFideId "44144474"]
[EventDate "29.12.2022"]

1. e4 e5 2. Nf3 Nf6 3. Nxe5 d6 4. Nf3 Nxe4 5. d4 d5 6. Bd3 Bd6 7. O-O O-O 8. c4
c6 9. Re1 Bf5 10. Qb3 Qd7 11. c5 Bc7 12. Nc3 Be6 13. Qc2 f5 14. Ne2 Qe7 15. Bf4
Bxf4 16. Nxf4 Nd7 17. Bf1 Bf7 18. Nd3 Qf6 19. Nfe5 Nxe5 20. Nxe5 Rfe8 21. f3 Ng5
22. Bd3 Ne6 23. Bxf5 Nxd4 24. Bxh7+ Kh8 25. Nxf7+ Qxf7 26. Qg6 Rf8 27. Re5 Qxg6
28. Bxg6 Rf6 29. Bd3 Kg8 30. Rae1 Kf8 31. h4 b6 32. cxb6 axb6 33. h5 c5 34. Bg6
Rxg6 35. hxg6 1-0

[Event "Mondiale Lampo FIDE 2022"]
[Site "Alma Ata"]
[Date "29.12.2022"]
[Round "5.66"]
[White "Kovalev, Vladislav"]
[Black "Aleksandrov, Aleksej"]
[Result "1/2-1/2"]
[WhiteTitle ""]
[BlackTitle ""]
[WhiteElo "2623"]
[BlackElo "2495"]
[WhiteFideId "13504398"]
[BlackFideId "13500139"]
[EventDate "29.12.2022"]

1. e4 e5 2. Nf3 Nc6 3. Bb5 Nf6 4. O-O Nxe4 5. Re1 Nd6 6. Nxe5 Be7 7. Bf1 Nxe5 8.
Rxe5 O-O 9. d4 Bf6 10. Re1 Re8 11. c3 Rxe1 12. Qxe1 Qe8 13. Qxe8+ Nxe8 14. a4 a5
15. d5 Be7 16. Na3 Nf6 17. Nb5 Nxd5 18. Bc4 c6 19. Bxd5 cxd5 20. Nc7 Rb8 21.
Nxd5 Bf8 22. Nb6 d6 23. Nxc8 Rxc8 24. Be3 Rc6 25. Bd4 f5 26. Kf1 Kf7 27. Ra3 Rc4
28. Bb6 d5 29. Ra1 Rc6 30. Bd4 Bc5 31. Bxc5 Rxc5 32. Ke2 Rc4 33. Kd3 Ke6 34. b3
Rh4 35. h3 Re4 36. Rd1 1/2-1/2

[Event "Mondiale Lampo FIDE 2022"]
[Site "Alma Ata"]
[Date "29.12.2022"]
[Round "5.67"]
[White "Elier, Ali"]
[Black "Le, Tuan Minh"]
[Result "0-1"]
[BlackTitle ""]
[WhiteElo "2165"]
[BlackElo "2542"]
[WhiteFideId "16217543"]
[BlackFideId "12401153"]
[EventDate "29.12.2022"]

1. e4 c5 2. d4 cxd4 3. c3 Nf6 4. e5 Nd5 5. Nf3 Nc6 6. Bc4 Nb6 7. Bb3 d5 8. exd6
Qxd6 9. O-O Be6 10. Bxe6 Qxe6 11. Nxd4 Qd7 12. Nxc6 Qxc6 13. Qe2 e6 14. b3 Be7
15. c4 O-O 16. Bb2 Rfd8 17. Nd2 Bf8 18. Ne4 h6 19. Rfe1 Nd7 20. Qh5 Nc5 21. Nxc5
Bxc5 22. Qg4 Bf8 23. Re3 Rd7 24. Bf6 Qc5 25. Re5 Qd4 26. Rg5 0-1

[Event "Mondiale Lampo FIDE 2022"]
[Site "Alma Ata"]
[Date "29.12.2022"]
[Round "5.68"]
[White "Sapenov, Daniyal"]
[Black "Burmakin, Vladimir"]
[Result "0-1"]
[WhiteTitle ""]
[BlackTitle ""]
[WhiteElo "2323"]
[BlackElo "2498"]
[WhiteFideId "13728911"]
[BlackFideId "4105109"]
[EventDate "29.12.2022"]

1. d4 Nf6 2. c4 e6 3. Nf3 d5 4. g3 Nbd7 5. Bg2 Be7 6. Nc3 O-O 7. O-O dxc4 8. Nd2
Nb6 9. e3 c5 10. dxc5 Bxc5 11. a4 a5 12. Qe2 Qe7 13. Nxc4 Nxc4 14. Qxc4 e5 15.
Nd5 Nxd5 16. Bxd5 Bh3 17. Rd1 Rac8 18. Qe4 b6 19. Bd2 Kh8 20. Bc3 Rce8 21. Bc6
f5 22. Qd5 Rc8 23. Bd7 Rcd8 24. Qe6 Qxe6 25. Bxe6 e4 26. Bc4 Bg4 27. Rxd8 Rxd8
28. Kf1 h6 29. Be2 Bxe2+ 30. Kxe2 Kg8 31. g4 fxg4 32. Rg1 h5 33. h3 g5 34. hxg4
h4 35. Bf6 Rd5 36. Rd1 Rxd1 37. Kxd1 h3 38. Be5 Kf7 39. Ke2 Ke6 40. Bg3 Bd6 41.
Bxd6 Kxd6 42. Kf1 Kc5 43. Kg1 Kc4 44. Kh2 Kb3 45. Kxh3 Kxa4 46. Kg3 Kb5 47. f4
exf3 48. Kxf3 Kc5 49. Ke4 a4 50. Kf5 b5 51. e4 b4 52. e5 a3 53. bxa3 bxa3 54. e6
Kd6 0-1

[Event "Mondiale Lampo FIDE 2022"]
[Site "Alma Ata"]
[Date "29.12.2022"]
[Round "5.69"]
[White "Zhigalko, Sergei"]
[Black "Haldorsen, Benjamin"]
[Result "0-1"]
[WhiteTitle ""]
[BlackTitle ""]
[WhiteElo "2572"]
[BlackElo "2449"]
[WhiteFideId "13502956"]
[BlackFideId "1512633"]
[EventDate "29.12.2022"]

1. e4 c5 2. Nf3 Nc6 3. c3 Nf6 4. e5 Nd5 5. Bc4 Nb6 6. Bb3 d5 7. exd6 Qxd6 8. O-O
c4 9. Bc2 g6 10. b3 Bg7 11. Na3 cxb3 12. axb3 O-O 13. d4 Bg4 14. Nc4 Qd5 15.
Ncd2 e5 16. Be4 Qd8 17. h3 Bxf3 18. Nxf3 exd4 19. Bxc6 bxc6 20. cxd4 a5 21. Bf4
Qd5 22. Be5 c5 23. dxc5 Qxc5 24. Rc1 Qd5 25. Bc7 Qb7 26. Be5 Rfd8 27. Qe2 Re8
28. Qb5 Bxe5 29. Nxe5 Qd5 30. Rc5 Qe6 31. Nf3 Nd7 32. Rc6 Qe4 33. Rc7 Ne5 34.
Ng5 Qf5 35. Qb7 Qxg5 36. f4 Nf3+ 37. Rxf3 Qf6 38. Kh2 a4 39. bxa4 Rxa4 40. Rc6
Qe7 41. Qb5 Rb4 42. Qd5 Rd8 43. Qa5 Rbd4 44. Rc5 Qf6 45. Re5 Rxf4 46. Ree3 Kg7
47. Rg3 Rfd4 48. Re5 R4d6 49. Qc5 Re6 50. Rf5 Qd4 51. Qc7 Rd7 52. Qc8 Qd6 53.
Rf3 h5 54. Kg1 Re1+ 55. Kh2 h4 56. Qc3+ Re5 0-1

[Event "Mondiale Lampo FIDE 2022"]
[Site "Alma Ata"]
[Date "29.12.2022"]
[Round "5.70"]
[White "Adhiban, Baskaran"]
[Black "Uruci, Endrit"]
[Result "1-0"]
[WhiteTitle ""]
[BlackTitle ""]
[WhiteElo "2611"]
[BlackElo "2297"]
[WhiteFideId "5018471"]
[BlackFideId "22100199"]
[EventDate "29.12.2022"]

1. b3 Nf6 2. Bb2 e6 3. Nf3 d5 4. Rg1 g6 5. g4 Bg7 6. c4 c6 7. g5 Nh5 8. Bxg7
Nxg7 9. Qc1 Nd7 10. Qb2 O-O 11. Nc3 f6 12. h4 Qe7 13. O-O-O a5 14. e3 fxg5 15.
Nxg5 Rxf2 16. h5 Nxh5 17. Be2 Ng7 18. Nh3 Rf8 19. Nf4 e5 20. Nh3 Nf6 21. Ng5 Bf5
22. Rdf1 d4 23. Na4 d3 24. Bf3 e4 25. Bd1 b5 26. Nc3 bxc4 27. Rf4 Nd5 28. Rh4 h5
29. Ncxe4 Rab8 30. Nc3 Nxc3 31. Qxc3 Qa3+ 32. Kb1 Qb4 33. Qxc4+ Qxc4 34. Rxc4
Rb6 35. Kb2 Rf6 36. Kc3 Ne6 37. Bxh5 Nxg5 38. Rxg5 Kf7 39. Bf3 Bd7 40. Rf4 Rxf4
41. exf4 Bf5 42. a3 Rb5 43. Rg1 Rc5+ 44. Kd4 Rc2 45. Ke3 c5 46. Bd5+ Kf6 47. Bc4
a4 48. Ra1 axb3 49. Bxb3 Rb2 50. Bc4 Ke7 51. a4 Rb4 52. Bd5 Kd6 53. Bf3 Kc7 54.
a5 Kb8 55. a6 Ka7 56. Ra5 c4 57. Bd5 Bd7 58. Rc5 Bf5 59. Bxc4 Rb1 60. Rc7+ Kb6
61. Rb7+ 1-0

[Event "Mondiale Lampo FIDE 2022"]
[Site "Alma Ata"]
[Date "29.12.2022"]
[Round "5.71"]
[White "Gurel, Ediz"]
[Black "Sjugirov, Sanan"]
[Result "0-1"]
[WhiteTitle ""]
[BlackTitle ""]
[WhiteElo "2454"]
[BlackElo "2712"]
[WhiteFideId "44507356"]
[BlackFideId "4189302"]
[EventDate "29.12.2022"]

1. e4 e5 2. Nf3 Nc6 3. Bb5 a6 4. Ba4 Nf6 5. O-O d6 6. Nc3 b5 7. Bb3 Na5 8. d3
Nxb3 9. axb3 Bb7 10. Be3 Be7 11. h3 O-O 12. Ne2 Re8 13. Ng3 Bf8 14. c4 g6 15.
Qd2 Bg7 16. Bh6 Bh8 17. Rfe1 c6 18. Rac1 Nd7 19. b4 Nf8 20. Bg5 Qd7 21. Be3 Ne6
22. h4 d5 23. c5 Rad8 24. h5 Qe7 25. Bh6 Bc8 26. Qe3 Qf6 27. exd5 cxd5 28. Nxe5
g5 29. Ng4 Qf4 30. Qxf4 Nxf4 31. Bxg5 Nxd3 32. Nh6+ Kf8 33. Rxe8+ 0-1

[Event "Mondiale Lampo FIDE 2022"]
[Site "Alma Ata"]
[Date "29.12.2022"]
[Round "5.72"]
[White "Ghaem Maghami, Ehsan"]
[Black "Suleymenov, Alisher"]
[Result "0-1"]
[WhiteTitle ""]
[BlackTitle ""]
[WhiteElo "2490"]
[BlackElo "2476"]
[WhiteFideId "12500739"]
[BlackFideId "13707833"]
[EventDate "29.12.2022"]

1. c4 Nf6 2. Nc3 g6 3. g3 Bg7 4. Bg2 O-O 5. d4 c5 6. e3 cxd4 7. exd4 e6 8. Nf3
d5 9. c5 Nc6 10. O-O b6 11. cxb6 axb6 12. Re1 Ba6 13. a3 Rc8 14. h3 Qe7 15. Bf4
Rfd8 16. Rc1 Na5 17. Ne5 Nc4 18. Nxc4 Bxc4 19. Qd2 b5 20. Bg5 Qb7 21. Qf4 Qe7
22. g4 Qd6 23. Qe5 Ne8 24. Qxd6 Rxd6 25. Be7 Rdc6 26. Bc5 Nd6 27. b4 Nb7 28. Bf1
Nxc5 29. dxc5 Bh6 30. Rcd1 Ra6 31. Nxb5 Bxb5 32. Bxb5 Rxa3 33. Bd7 Rc7 34. c6
Bf8 35. Rb1 Ra6 36. b5 Rb6 37. Re2 Bc5 38. Rc2 Bd4 39. Rb4 e5 40. Ra2 Kf8 41.
Kf1 Ke7 42. f4 f6 43. Rb3 Kd6 44. fxe5+ fxe5 45. Ke2 e4 46. Rd2 Ke5 47. Rd1 Bc5
48. Rc1 Kd6 49. Rbb1 d4 50. Rc4 Kd5 51. Ra4 d3+ 52. Kd2 Rb8 53. Ra6 Rf8 54. b6
Rf2+ 55. Kc3 Rc2+ 56. Kb3 Bxb6 57. Rxb6 e3 58. Rb5+ Ke4 59. Rb4+ Kf3 60. g5 e2
61. Bg4+ Ke3 62. Rb8 R2xc6 63. Rb5 Kd2 64. Kb4 Rc1 65. Rxc1 Rxc1 0-1

[Event "Mondiale Lampo FIDE 2022"]
[Site "Alma Ata"]
[Date "29.12.2022"]
[Round "5.73"]
[White "Korelskiy, Egor"]
[Black "Harsha, Bharathakoti"]
[Result "0-1"]
[WhiteTitle ""]
[BlackTitle ""]
[WhiteElo "2153"]
[BlackElo "2593"]
[WhiteFideId "34329064"]
[BlackFideId "5078776"]
[EventDate "29.12.2022"]

1. e4 g6 2. d4 Bg7 3. Nc3 d6 4. Nge2 a6 5. a4 Nd7 6. h3 c5 7. Be3 cxd4 8. Bxd4
Ngf6 9. g4 Ne5 10. Bg2 Nc6 11. Be3 O-O 12. O-O Be6 13. Qd2 Rc8 14. f4 Bc4 15.
Rad1 b5 16. axb5 axb5 17. b3 b4 18. Na4 Bb5 19. Nd4 Bxf1 20. Nxc6 Rxc6 21. e5
Bxg2 22. Qxg2 Qc8 23. exf6 Bxf6 24. Nb6 Rxc2 25. Nxc8 Rxg2+ 26. Kxg2 Rxc8 27. g5
Bc3 28. Rd5 Ra8 29. Rb5 Ra3 30. Rb8+ Kg7 31. Bb6 Rxb3 32. Bd8 Rb2+ 33. Kf3 f6
34. Bxe7 fxg5 35. fxg5 Be5 36. Rb7 Kg8 37. Rb8+ Kf7 38. Rb7 Ke6 39. Bd8 b3 40.
Ba5 Rb1 41. Bb4 b2 42. Ba3 Rf1+ 0-1

[Event "Mondiale Lampo FIDE 2022"]
[Site "Alma Ata"]
[Date "29.12.2022"]
[Round "5.74"]
[White "Khusnutdinov, Rustam"]
[Black "Khripachenko, Alexander"]
[Result "0-1"]
[WhiteTitle ""]
[BlackTitle ""]
[WhiteElo "2441"]
[BlackElo "2219"]
[WhiteFideId "13701703"]
[BlackFideId "54184975"]
[EventDate "29.12.2022"]

1. d4 d5 2. Bf4 c5 3. e3 cxd4 4. exd4 Nc6 5. c3 Bf5 6. Qb3 Qd7 7. Nf3 f6 8. Nbd2
g5 9. Be3 e6 10. h3 h5 11. Bb5 Nge7 12. O-O-O a6 13. Qa4 Qc8 14. Bxc6+ Nxc6 15.
Rde1 b5 16. Qd1 Nb4 17. Nb3 Qc4 18. Re2 Nxa2+ 19. Kd2 b4 20. Ke1 bxc3 21. Na1
Rc8 22. b3 c2 23. Nxc2 Qxb3 24. Na1 Qxd1+ 25. Kxd1 Nc3+ 26. Kd2 Nxe2 27. Kxe2
Bd6 28. Nb3 Rc2+ 29. Nfd2 Kd7 30. Ra1 Rb8 31. Kd1 Rc3 32. Nc5+ Bxc5 33. dxc5 e5
34. f3 d4 35. Bf2 Ra8 36. Ra5 Kc6 37. Be1 Rxc5 38. Ra3 a5 39. Ke2 a4 40. Nb3
Rc2+ 41. Kd1 axb3 0-1

[Event "Mondiale Lampo FIDE 2022"]
[Site "Alma Ata"]
[Date "29.12.2022"]
[Round "5.75"]
[White "Tologon tegin, Semetei"]
[Black "Cheng, Bobby"]
[Result "0-1"]
[WhiteTitle ""]
[BlackTitle ""]
[WhiteElo "2394"]
[BlackElo "2583"]
[WhiteFideId "13800574"]
[BlackFideId "4300033"]
[EventDate "29.12.2022"]

1. Nf3 d5 2. g3 Nc6 3. d4 Bf5 4. Bg2 Nb4 5. Na3 e6 6. O-O Be7 7. c3 Nc6 8. Nb1
h6 9. Qb3 Rb8 10. Nbd2 Nf6 11. Re1 O-O 12. Ne5 Nxe5 13. dxe5 Nd7 14. f4 c6 15.
Qd1 a5 16. e4 Bh7 17. exd5 cxd5 18. Nb3 b5 19. Be3 Qc7 20. h3 Rfc8 21. Rc1 Nc5
22. Nxc5 Bxc5 23. Bd4 Qb6 24. Kh2 b4 25. Qd2 bxc3 26. bxc3 Qb2 27. Qe3 Bxd4 28.
cxd4 Rxc1 29. Rxc1 Be4 30. Rg1 Qxa2 31. Kh1 Rb2 0-1

[Event "Mondiale Lampo FIDE 2022"]
[Site "Alma Ata"]
[Date "29.12.2022"]
[Round "5.76"]
[White "Everett, Elijah"]
[Black "Makarian, Rudik"]
[Result "0-1"]
[BlackTitle ""]
[WhiteElo "2202"]
[BlackElo "2554"]
[WhiteFideId "12973696"]
[BlackFideId "44105681"]
[EventDate "29.12.2022"]

1. e4 d6 2. d4 Nf6 3. Nc3 e5 4. Nge2 Nbd7 5. f3 c6 6. Be3 Be7 7. Qd2 b5 8. d5
cxd5 9. Nxd5 Bb7 10. Nxe7 Qxe7 11. Ng3 g6 12. Bxb5 d5 13. exd5 Nxd5 14. Bf2 O-O
15. O-O-O N7b6 16. Ne4 Rac8 17. h4 Rfd8 18. Kb1 f5 19. Nc5 Rxc5 20. Bxc5 Qxc5
21. Be2 Na4 22. Ka1 Rd7 23. c4 Ndb6 24. Qg5 Qb4 25. Qc1 Nc5 26. Rxd7 Nbxd7 27.
h5 f4 28. hxg6 hxg6 29. Qc2 Kg7 30. Bd3 e4 31. Bxe4 Bxe4 32. fxe4 Ne5 33. g3 f3
34. Qh2 Qb8 35. Qh6+ Kf7 36. Qf4+ Ke6 37. Rh6 Qg8 38. b4 Ncd3 39. Qf5+ Kd6 40.
c5+ Kc6 41. a4 0-1

[Event "Mondiale Lampo FIDE 2022"]
[Site "Alma Ata"]
[Date "29.12.2022"]
[Round "5.77"]
[White "Damjanovic, Vuk"]
[Black "Postlmayer, Jakob"]
[Result "1-0"]
[WhiteTitle ""]
[BlackTitle ""]
[WhiteElo "2361"]
[BlackElo "2314"]
[WhiteFideId "980021"]
[BlackFideId "1643622"]
[EventDate "29.12.2022"]

1. d4 Nf6 2. Nc3 d5 3. Bf4 c5 4. e3 cxd4 5. exd4 a6 6. Nf3 Nc6 7. Ne5 Bd7 8. g3
e6 9. Bg2 Qb6 10. Nxd7 Nxd7 11. Ne2 Be7 12. O-O O-O 13. c3 Nf6 14. Rb1 Rac8 15.
Nc1 Qd8 16. Nd3 Ne4 17. Re1 Nf6 18. Qe2 h6 19. h4 Bd6 20. Bd2 Na5 21. Ne5 Nc4
22. Bf4 Qc7 23. b3 Na3 24. Rbc1 Nb5 25. Qd3 Nd7 26. c4 dxc4 27. bxc4 Na7 28.
Nxd7 Bxf4 29. Nxf8 Bxc1 30. Qh7+ Kxf8 31. Rxc1 f5 32. d5 Qd7 33. Re1 1-0

[Event "Mondiale Lampo FIDE 2022"]
[Site "Alma Ata"]
[Date "29.12.2022"]
[Round "5.78"]
[White "Zhalmakhanov, Ramazan"]
[Black "Suleimen, Ergali"]
[Result "1-0"]
[WhiteTitle ""]
[WhiteElo "2401"]
[BlackElo "2073"]
[WhiteFideId "13706357"]
[BlackFideId "13724452"]
[EventDate "29.12.2022"]

1. e4 c5 2. Nc3 Nc6 3. Nf3 e5 4. Bc4 Be7 5. d3 Nf6 6. Ng5 O-O 7. h4 d6 8. Nd5 a6
9. Nxf6+ Bxf6 10. Qh5 h6 11. Nxf7 1-0

[Event "Mondiale Lampo FIDE 2022"]
[Site "Alma Ata"]
[Date "29.12.2022"]
[Round "5.79"]
[White "Harutyunyan, Tigran K."]
[Black "Mamedov, Edgar"]
[Result "0-1"]
[WhiteTitle ""]
[BlackTitle ""]
[WhiteElo "2511"]
[BlackElo "2283"]
[WhiteFideId "13303635"]
[BlackFideId "13739980"]
[EventDate "29.12.2022"]

1. c4 c6 2. Nf3 d5 3. g3 Nf6 4. Bg2 Bf5 5. cxd5 cxd5 6. Qb3 Qb6 7. Qxb6 axb6 8.
Nc3 Nc6 9. d3 e6 10. O-O Bc5 11. Bg5 O-O 12. a3 Nd4 13. Nh4 Bg4 14. Rae1 Nc2 15.
Rc1 Nd4 16. Rfe1 Nd7 17. h3 Bh5 18. g4 Bg6 19. Nxg6 fxg6 20. Bh4 Bd6 21. f3 Nb3
22. Rcd1 Bc5+ 23. e3 d4 24. Ne4 dxe3 25. Nxc5 bxc5 26. Rxe3 Nd4 27. Bg3 b6 28.
Rc1 Nf6 29. Be5 Nd5 30. Bxd4 cxd4 31. Rxe6 Rac8 32. Ree1 Nf4 33. Bf1 Nd5 34. Kf2
Ne3 35. Ke2 g5 36. Kf2 g6 37. Be2 Kg7 38. b4 b5 39. Rc5 Rxc5 40. bxc5 Rc8 41.
Rc1 Kf6 42. c6 Ke7 43. Rc5 Kd6 44. Rxb5 Rxc6 45. Rb4 Ke5 46. a4 Rc2 47. a5 Ra2
48. Rb5+ Kf4 49. Ke1 Kg3 50. Rxg5 Ng2+ 51. Kd1 Kf2 52. Rd5 Ne3+ 53. Kc1 Nxd5 54.
Bd1 Rxa5 0-1

[Event "Mondiale Lampo FIDE 2022"]
[Site "Alma Ata"]
[Date "29.12.2022"]
[Round "5.80"]
[White "Batsuren, Dambasuren"]
[Black "Amangeldy, Ernur"]
[Result "1-0"]
[WhiteTitle ""]
[WhiteElo "2525"]
[BlackElo "2097"]
[WhiteFideId "4902920"]
[BlackFideId "13720244"]
[EventDate "29.12.2022"]

1. d4 d5 2. c4 c6 3. Nf3 Nf6 4. e3 e6 5. b3 Nbd7 6. Nbd2 Bd6 7. Bb2 O-O 8. Bd3
Qe7 9. Ne5 h6 10. O-O Ba3 11. Bxa3 Qxa3 12. f4 c5 13. cxd5 Nxd5 14. Ndc4 Qa6 15.
Qf3 cxd4 16. exd4 b5 17. Nxd7 Bxd7 18. Ne5 Qd6 19. Rad1 Nf6 20. Bb1 Rfc8 21. g4
Bc6 22. Qe2 Qd5 23. Rf3 Nxg4 24. Nxc6 Qxc6 25. Be4 Qd6 26. Bxa8 Rxa8 27. Rg3 Nf6
28. Qg2 Qd5 29. Rxg7+ Kf8 30. Qxd5 Nxd5 31. Rh7 Ke7 32. f5 Rg8+ 33. Kf2 exf5 34.
Re1+ Kf6 35. Rxh6+ Kg7 36. Rg1+ Kxh6 37. Rxg8 Kh5 1-0

[Event "Mondiale Lampo FIDE 2022"]
[Site "Alma Ata"]
[Date "29.12.2022"]
[Round "5.81"]
[White "Degenbaev, Aziz"]
[Black "Utegaliyev, Azamat"]
[Result "0-1"]
[WhiteElo "2139"]
[BlackElo "2445"]
[WhiteFideId "13802640"]
[BlackFideId "13702467"]
[EventDate "29.12.2022"]

1. e4 c5 2. Nf3 e6 3. g3 Nc6 4. Bg2 Nf6 5. Qe2 d6 6. c3 Be7 7. O-O O-O 8. Na3 d5
9. e5 Nd7 10. Nc2 a5 11. d4 b6 12. Rd1 Ba6 13. Qe3 a4 14. h4 Na5 15. Qf4 Rc8 16.
h5 h6 17. Qg4 Kh8 18. dxc5 Nxc5 19. Ncd4 Ne4 20. Nh4 Bxh4 21. gxh4 Qc7 22. f3
Nc5 23. f4 Bd3 24. Re1 Be4 25. Bf1 Nc6 26. Nb5 Qe7 27. Nd6 Rcd8 28. Be3 Rxd6 29.
exd6 Qxd6 30. Rad1 Qe7 31. Bb5 Rc8 32. Kh2 Bf5 33. Bxc5 Qxc5 34. Qe2 Ne7 35. Rg1
Be4 36. Bd3 Bxd3 37. Rxd3 Nf5 38. Qe5 Qf2+ 39. Rg2 Qxh4+ 40. Kg1 Qxh5 41. Rxg7
Nxg7 0-1

[Event "Mondiale Lampo FIDE 2022"]
[Site "Alma Ata"]
[Date "29.12.2022"]
[Round "5.82"]
[White "Gadimbayli, Abdulla"]
[Black "Akhilbay, Imangali"]
[Result "1-0"]
[WhiteTitle ""]
[WhiteElo "2524"]
[BlackElo "2140"]
[WhiteFideId "13404938"]
[BlackFideId "13734857"]
[EventDate "29.12.2022"]

1. e4 c5 2. Nf3 Nc6 3. Bb5 d6 4. O-O Bd7 5. Re1 Nf6 6. c3 a6 7. Bf1 Bg4 8. h3
Bxf3 9. Qxf3 e6 10. d3 Be7 11. Bf4 O-O 12. Nd2 b5 13. Rad1 Rb8 14. Qe3 b4 15. d4
bxc3 16. bxc3 cxd4 17. cxd4 Nb4 18. Rc1 Nxa2 19. Ra1 Nb4 20. Rec1 a5 21. Be2 Nd7
22. Qg3 e5 23. dxe5 dxe5 24. Bh6 Bf6 25. Nc4 Nc5 26. Bf3 Nb3 27. Rd1 Nd4 28. Be3
Nbc2 29. Rxa5 Nxe3 30. fxe3 Nxf3+ 31. Qxf3 Qc7 32. Ra4 Qc6 33. Rda1 Rfc8 34. Nd2
Rb2 35. Nf1 Bh4 36. Qg4 Bf6 37. Ra6 Qc2 38. Rxf6 Qe2 39. Qxc8# 1-0

[Event "Mondiale Lampo FIDE 2022"]
[Site "Alma Ata"]
[Date "29.12.2022"]
[Round "5.83"]
[White "Abdilkhair, Abilmansur"]
[Black "Uskov, Artem"]
[Result "1-0"]
[WhiteTitle ""]
[BlackTitle ""]
[WhiteElo "2278"]
[BlackElo "2376"]
[WhiteFideId "13716417"]
[BlackFideId "34254854"]
[EventDate "29.12.2022"]

1. e4 c5 2. Nf3 d6 3. d4 cxd4 4. Nxd4 Nf6 5. Nc3 a6 6. Be3 Ng4 7. Bc1 Nf6 8. Be3
e5 9. Nb3 Be7 10. f3 O-O 11. Qd2 Be6 12. g4 b5 13. O-O-O Nbd7 14. Kb1 b4 15. Ne2
a5 16. g5 Ne8 17. f4 a4 18. Nbc1 b3 19. cxb3 axb3 20. a3 exf4 21. Nxf4 Bg4 22.
Be2 Bxe2 23. Nfxe2 Ne5 24. h4 Qc8 25. Nd4 Qb7 26. Qg2 Nc4 27. Rh3 d5 28. Nf5
Bxa3 29. Bd4 Qa6 30. Rxb3 Bd6 31. exd5 Qa1+ 32. Kc2 Rc8 33. Bc3 Be5 34. Nd3 Qa4
35. Nxe5 Rb8 36. Nxc4 Qxb3+ 37. Kd3 Rc8 38. Qe4 Rd8 39. Nce3 Nd6 40. Nxd6 Rxd6
41. Qe5 Rg6 42. h5 Qb5+ 43. Kd2 Re8 44. Qxe8+ Qxe8 45. hxg6 fxg6 46. Rg1 h5 47.
gxh6 gxh6 48. Ng4 Qd8 49. Nxh6+ Kh7 50. Ng4 Qxd5+ 51. Ke2 Qc4+ 52. Kf2 Qf4+ 53.
Ke2 g5 54. Ne3 Kg6 55. Bd2 Qe4 56. b4 Qe8 57. Kd1 Qa4+ 58. Ke1 Qa1+ 59. Nd1 Qe5+
60. Be3 Qe4 61. Rxg5+ Kf6 62. b5 Qb4+ 63. Bd2 Qe4+ 64. Be3 Qb4+ 65. Ke2 Qc4+ 66.
Kd2 Qa2+ 67. Kc3 Qa3+ 68. Kc2 Qa4+ 69. Kd2 Qa2+ 70. Ke1 Qa5+ 71. Bd2 Qa1 72. Rc5
Qb1 73. Ke2 Ke6 74. Ne3 Kd6 75. Rd5+ Ke6 76. Rf5 Qe4 77. Bc3 Qa4 78. Rf6+ Kd7
79. Rf5 Qa2+ 80. Kd3 Kc7 81. Bd4 Qb3+ 82. Ke4 Qe6+ 83. Kf4 Kb7 84. Rf6 Qe7 85.
Nf5 Qb4 86. Ke4 Qb1+ 87. Kf4 Qb4 88. Re6 Qd2+ 89. Ke5 Qe2+ 90. Kf6 Qf1 91. Re7+
Kc8 92. b6 Qa6 93. Re6 Qa4 94. Be5 Kb7 95. Bd4 Kc8 96. Re7 Qc6+ 97. Ke5 Qb5+ 98.
Kf4 Qf1+ 99. Kg5 Qg2+ 100. Kf6 Qc6+ 101. Kg7 Qg2+ 102. Kf8 Kd8 103. Bf6 Qg6 104.
Rf7+ Kc8 105. Ne7+ 1-0

[Event "Mondiale Lampo FIDE 2022"]
[Site "Alma Ata"]
[Date "29.12.2022"]
[Round "5.84"]
[White "Zverev, Lev"]
[Black "Munkhdalai, Amilal"]
[Result "1-0"]
[WhiteTitle ""]
[BlackTitle ""]
[WhiteElo "2310"]
[BlackElo "2142"]
[WhiteFideId "24250775"]
[BlackFideId "4903250"]
[EventDate "29.12.2022"]

1. e4 c5 2. Nf3 Nc6 3. d4 cxd4 4. Nxd4 Qc7 5. Nc3 e6 6. Be3 a6 7. Qd2 Nf6 8. f4
Bb4 9. Bd3 d5 10. e5 Ne4 11. Bxe4 dxe4 12. a3 Be7 13. Nxe4 O-O 14. O-O Nxd4 15.
Bxd4 b5 16. Rad1 Bb7 17. Ng3 Rfd8 18. c3 g6 19. Qe3 Qc6 20. Qf2 h5 21. Rfe1 a5
22. Ne4 b4 23. axb4 axb4 24. Qg3 Ra2 25. Rb1 Qa4 26. h3 bxc3 27. bxc3 Bxe4 28.
Rxe4 Qc2 29. Ree1 Bh4 30. Qf3 Bxe1 31. Rxe1 Rda8 32. Kh2 Qb3 33. f5 gxf5 34.
Qg3+ Kh7 35. Qg5 Qd5 36. Qxh5+ Kg7 37. Qg5+ Kf8 38. Rb1 Rc2 39. Rb6 f4 40. Rd6
Qe4 41. Rd8+ Rxd8 42. Bc5+ 1-0